Plan de lucha contra la pobreza absoluta y para la generación de empleo : (Registro nro. 4796)

Detalles MARC
000 -LEADER
fixed length control field 00992nam a2200217Ia 4500
003 - CONTROL NUMBER IDENTIFIER
control field OSt
005 - DATE AND TIME OF LATEST TRANSACTION
control field 20200513124621.0
008 - FIXED-LENGTH DATA ELEMENTS--GENERAL INFORMATION
fixed length control field 191128s1987 ck gr 000 0 spa d
040 ## - CATALOGING SOURCE
Original cataloging agency CO-JMCR
Transcribing agency CO-JMCR
041 0# - LANGUAGE CODE
Language code of text/sound track or separate title spa
082 04 - DEWEY DECIMAL CLASSIFICATION NUMBER
Classification number 307 .14861 /
Item number C646p
Edition number 23
110 1# - MAIN ENTRY--CORPORATE NAME
Corporate name or jurisdiction name as entry element Presidencia de la República
9 (RLIN) 4255
245 10 - TITLE STATEMENT
Title Plan de lucha contra la pobreza absoluta y para la generación de empleo :
Remainder of title programa de asentamientos humanos apoyo al desarrollo municipal DNP 2.326 - UDRU /
Statement of responsibility, etc. Presidencia de la República
260 ## - PUBLICATION, DISTRIBUTION, ETC.
Place of publication, distribution, etc. Bogotá :
Name of publisher, distributor, etc. Presidencia de la República,
Date of publication, distribution, etc. 1987
300 ## - PHYSICAL DESCRIPTION
Extent 63 páginas ;
Dimensions 22 cm.
505 ## - FORMATTED CONTENTS NOTE
Formatted contents note Cobertura del programa -- Componentes del programa -- Unidad de ejecución -- Metas, costos financiación e impacto del programa de asentamientos humanos -- Recomendaciones de acciones inmediatas
650 14 - SUBJECT ADDED ENTRY--TOPICAL TERM
Topical term or geographic name entry element Pobreza
Geographic subdivision Colombia
9 (RLIN) 4259
650 24 - SUBJECT ADDED ENTRY--TOPICAL TERM
Topical term or geographic name entry element Condiciones económicas
Geographic subdivision Colombia
9 (RLIN) 4260
650 24 - SUBJECT ADDED ENTRY--TOPICAL TERM
Topical term or geographic name entry element Condiciones sociales
Geographic subdivision Colombia
9 (RLIN) 4261
942 ## - ADDED ENTRY ELEMENTS (KOHA)
Source of classification or shelving scheme Dewey Decimal Classification
Koha item type Books
Existencias
Withdrawn status Lost status Source of classification or shelving scheme Materials specified (bound volume or other part) Damaged status Not for loan Home library Current library Shelving location Date acquired Source of acquisition Cost, normal purchase price Total Checkouts Full call number Barcode Date last seen Copy number Price effective from Koha item type
    Dewey Decimal Classification Donación--15/04/2018--     Biblioteca Pública José María del Castillo y Rada Biblioteca Pública José María del Castillo y Rada General Stacks 11/28/2019 Donación 0.00   307.14861 / C646p 430000485 05/16/2024 Ej.1 11/28/2019 Books